LEADER 00972nam a2200205 i 4500 001 000000206792 003 CaOOAMICUS 005 20111012000000.0 008 111012s1867 it u000 u ita u 013 $a185564 040 $aSeMil$bita 100 1 $aFerrari, Paolo <1822-1899>.$0(OLS)http://semarc/name/11351 245 10$aVecchie storie, ovvero, Carbonari e Sanfedisti :$bdramma in un prologo e cinque atti /$cdi Paolo Ferrari. 260 $aMilano :$bAmalia Bettoni,$c1867. 300 $a162 p. ;$c20 cm. 773 0 $tOpere drammatiche di Paolo Ferrari.$dMilano : Libreria di Francesco Sanvito : [poi]... Libreria Editrice, [186?]$gVol.6$w()25569 850 $aSeMil 852 $aSeMil$W1$xVenegono$y1$m1R V 23 FA$j157255$B157255$CSeMilBibl$Z2$F168570 $8I 996 $6245$aVecchie storie, ovvero, Carbonari e Sanfedisti :$bdramma in un prologo e cinque atti$9(OLS)http://semarc/title/299033 996 $6260$aMilano :$bAmalia Bettoni$9(OLS)http://semarc/publisher/50895 LEADER 01801nam a2200289 i 4500 001 000000050509 003 CaOOAMICUS 005 20220228122647.0 008 130123s1608 it u000 u lat u 013 $a21680 026 $au-e- 32ia i,is Dimi (3) 1608 (R) 040 $aSeMil$bita 100 1 $aChapeaville, Jean,$d<1551-1617>.$0(OLS)http://semarc/name/20461 245 10$aTractatus de casibus reservatis. Omnibus poenitentiarijs, et confessarijs, non solùm singularum Dioecesum Belgij, sed etiam totius Italiae, apprime vtilis ac necessarius. Auctore Ioanne Chapeaville .. 250 $aEditio altera, auctior, castigatiorque. Cui recent accessit Examen confessariorum, eodem auctore 260 $aMediolani :$bApud Petrum Martyrem Locarnum,$c1608. 300 $a[32], 398, [2] p. ;$c8º. 500 $aIniz. e fregi xilogr. - Le cc. da 379 a 390 e la cop. presentano tarlature sul labbro inferiore; parte del testo non presente 500 $aMarca editoriale: Un gatto con un topo in bocca. In cornice figurata. Sul front. [Utilizzata con Giovanni Battista Bidelli]. - Marca non censita. 500 $a Segn.: ?-2?8 A-2B8 650 4$aPenitenza - Diritto canonico - Casi riservati.$0(OLS)http://semarc/subject/4513 700 1 $aLocarno, Pietro Martire,$c.$0(OLS)http://semarc/name/25023 850 $aSeMil 852 $aSeMil$W1$xVenegono$y1$m2F I 84 FA$j16664$B16664$CSeMilBibl$Z2$F16664 $8I 996 $6245$aTractatus de casibus reservatis. Omnibus poenitentiarijs, et confessarijs, non solùm singularum Dioecesum Belgij, sed etiam totius Italiae, apprime vtilis ac necessarius. Auctore Ioanne Chapeaville ..$9(OLS)http://semarc/title/77099 996 $6260$aMediolani :$bApud Petrum Martyrem Locarnum$9(OLS)http://semarc/publisher/41260